Statistiche per Orsi (con immagini)

Clicka qui per fare il quiz!

Statistiche generali

  • Questo quiz è stato fatto 18 volte
  • Il punteggio medio è 3 su 8

Statistiche sulle risposte

Risposta% Corretto
orso polare / orso bianco
100%
orso bruno
78%
panda gigante / panda maggiore
61%
orso dagli occhiali / orso andino
22%
orso malese / orso del sole
17%
orso nero americano
17%
orso tibetano / orso nero asiatico
17%
orso labiato
11%

Distribuzione punteggi

Percentile per numero di risposta

Percentuale di utenti per punteggio

I tuoi punteggi nel tempo

Non hai fatto questo quiz